Statistics for Henry Danger Characters Quiz

Click here to take the quiz!

General Stats

  • This quiz has been taken 108 times
  • The average score is 12 of 23

Answer Stats

HintAnswer% Correct
Henry's sidekick nameKid Danger
90%
Henry's boss' superhero nameCaptain Man
89%
Henry's sisterPiper
89%
Henry's family nameHart
85%
Henry's best friend (female)Charlotte
77%
Built most of the Man CaveSchwoz
66%
Henry's boss' original sidekickDrex
62%
Villain who had a bottomless ball pitToddler
62%
Henry's boss' nameRay Manchester
59%
Henry's exBianca
58%
School bullyMitch
52%
Junk n Stuff cashierGooch
51%
Dimwitted petty criminalJeff
51%
News anchor (female)Mary
51%
Henry's crush who went on "Kids in the Woods"Chloe
47%
Villain who farmed Jolly Beetle tearsDr. Minyak
47%
Henry's best friend (male)Jasper Dunlop
47%
News anchor (male)Trent
42%
Henry's school teacherMiss Shapen
24%
Tries to usurp Henry's position as sidekickInvisible Brad
22%
Replaced Henry on the basketball teamShawn
18%
Junk n Stuff cashier's plantOmar
6%
Junk n Stuff cashier's nephewBenjy
5%

Score Distribution

Percentile by Number Answered

Percent of People with Each Score

Your Score History

You have not taken this quiz